书目信息 |
| 题名: |
足球裁判法图解
|
|
| 作者: | 刘浩 编著 | |
| 分册: | ||
| 出版信息: | 北京 北京体育大学出版社 2002 |
|
| 页数: | 216页 | |
| 开本: | 21cm | |
| 丛书名: | 裁判法图解系列丛书 | |
| 单 册: | ||
| 中图分类: | G843.4-64 | |
| 科图分类: | ||
| 主题词: | 球类运动--裁判法--图解 , 球类运动 | |
| 电子资源: | ||
| ISBN: | 7-81051-751-1 | |
| 000 | 00659nam2 2200229 45 | |
| 001 | 1258254963 | |
| 005 | 20121007161453.28 | |
| 010 | @a7-81051-751-1@dCNY18.00 | |
| 100 | @a20040129d2002 km y0chiy0120 ea | |
| 101 | 0 | @achi |
| 105 | @aa z 000yy | |
| 200 | 1 | @a足球裁判法图解@AZu Qiu Cai Pan Fa Tu Jie@f刘浩编著@FLiu Hao Bian Zhu |
| 210 | @a北京@c北京体育大学出版社@d2002 | |
| 215 | @a216页@c图@d21cm | |
| 225 | @a裁判法图解系列丛书 | |
| 410 | @12001 @a裁判法图解系列丛书 | |
| 606 | 0 | @a球类运动@x裁判法@x图解 |
| 606 | 0 | @a球类运动 |
| 690 | @aG843.4-64@v4 | |
| 701 | @a刘浩@4编著 | |
| 801 | @aCN@bTSTCL@c20040129 | |
| 905 | @a10447@dG843.4-64@eJY223 | |
| 足球裁判法图解/刘浩编著.-北京:北京体育大学出版社,2002 |
| 216页:图;21cm.-(裁判法图解系列丛书) |
| ISBN 7-81051-751-1:CNY18.00 |
| ● |
| 相关链接 |
|
|
|
|
正题名:足球裁判法图解
索取号:G843.4-64/JY223
 
预约/预借
| 序号 | 登录号 | 条形码 | 馆藏地/架位号 | 状态 | 备注 |
| 1 | 7828567 | 278285678 | 学院路分馆/ [索取号:G843.4-64/JY223] | 在馆 | |
| 2 | 7828568 | 278285687 | 学院路分馆/ [索取号:G843.4-64/JY223] | 在馆 | |
| 3 | 7828569 | 278285696 | 学院路分馆/ [索取号:G843.4-64/JY223] | 在馆 | |
| 4 | 7828570 | 278285703 | 学院路分馆/ [索取号:G843.4-64/JY223] | 在馆 |